00980nam a2200169Ia 4500001001300000003001000013008004100023040002500064041000700089100001600096245001800112250001100130260003400141300001200175500058200187650004100769b5804-39109 IT-MiCISF161014s9999||||xx |||||||||||||| ||und|| aIT-MiCISFcIT-MiCISF ait aNegri Luigi 0aIl matrimonio a1a ed. a Casale M. (AL)bPiemmec2003 app. 117 a / matrimonio-sacramento, ministero-coniugale / Questo libro vuole favorire la possibilità di una verifica seria per coloro che si sentono chiamati alla vocazione matrimoniale, facendone percepire la grandezza. Vengono quindi dapprima definiti i criteri fondamentali che costituiscono la base di un serio lavoro di verifica, poi l'idea di matrimonio e infine l'attuarsi di quest'immagine nella concretezza della vita familiare, procedendo dal piano dell'ontologia (vero significato del matrimonio) a quello dell'etica (conseguenze pratiche e morali nel vivere il matrimonio). a Temi di pastorale / matrimonioe012